L'entretien d'explicitation
Saved in:
| Main Author: | |
|---|---|
| Format: | Book |
| Language: | French |
| Published: |
Paris :
ESF,
1994
|
| Series: | Collection Pedagogies,
|
| Subjects: | |
| Tags: |
Add Tag
No Tags, Be the first to tag this record!
|
MARC
| LEADER | 00000nam a2200000 i 4500 | ||
|---|---|---|---|
| 001 | 1/84492 | ||
| 008 | 980311s1994 fre d | ||
| 020 | |a 2-7101-1074-1 | ||
| 035 | |a 1997 |b 3 |c Χατζηνικήτα |l 10034454 | ||
| 040 | |a GR-MY-UA |b gre |e aacr | ||
| 041 | 0 | |a fre | |
| 082 | 0 | |a 370.1 | |
| 100 | 1 | |a Vermersch, Pierre. | |
| 245 | 1 | 0 | |a L'entretien d'explicitation / |c Pierre Vermersch |
| 260 | |a Paris : |b ESF, |c 1994 | ||
| 300 | |a 181 p. | ||
| 490 | 1 | |a Collection Pedagogies |x 1158-4580 | |
| 650 | 0 | 0 | |a Education |x Philosophy. |
| 830 | 0 | |a Collection Pedagogies, |x 1158-4580 | |
| 852 | |a INST |b RHODES |e 19980311 |h 370.1 VER |p 005400010961 |q 005400010961 |t BK |y 0 | ||
| 901 | |a BIBL-1998-1 | ||
| 909 | |a Ρ |b 052279 |c 1997 | ||
| 970 | |z 2000/08/ΔΕΜΕΝΑΓΑΣ ΠΕΤΡΟΣ | ||